Music Quiz

Random Music Quiz

Guitar Anthems of the 90's Quiz Stats

 Plays Quiz not verified by Sporcle

Challenge
Share
Tweet
Embed
Score 0/75 Timer 08:00
0 Plays Today
Band Song % Correct
NirvanaSmells Like Teen Spirit
95.4%
MetallicaEnter Sandman
85.1%
Lenny KravitzAre You Gonna Go My Way
62.1%
Rage Against the MachineBulls On Parade
60.9%
Pearl JamAlive
58.6%
WeezerBuddy Holly
57.5%
BlurSong 2
52.9%
Smashing PumpkinsBullet With Butterfly Wings
51.7%
Alice In ChainsMan In the Box
48.3%
Faith No MoreEpic
46%
OasisChampagne Supernova
41.4%
KornFreak On A Leash
40.2%
Blink-182What's My Age Again?
39.1%
Marilyn MansonThe Beautiful People
37.9%
CreedHigher
37.9%
Green DayLongview
36.8%
SublimeSanteria
33.3%
HoleCelebrity Skin
32.2%
The OffspringSelf Esteem
31%
Stone Temple PilotsPlush
29.9%
PanteraWalk
28.7%
Limp BizkitNookie
25.3%
U2The Fly
25.3%
Collective SoulShine
25.3%
White ZombieMore Human Than Human
24.1%
SoundgardenRusty Cage
21.8%
BushMachinehead
20.7%
FilterHey Man, Nice Shot
19.5%
RadioheadJust
18.4%
EverclearSanta Monica
17.2%
Red Hot Chili PeppersSuck My Kiss
16.1%
Veruca SaltSeether
16.1%
SilverchairTomorrow
16.1%
OrgyBlue Monday
16.1%
L7Pretend We're Dead
13.8%
Sonic YouthKool Thing
12.6%
SlipknotWait and Bleed
12.6%
BuckcherryLit Up
12.6%
Band Song % Correct
The Black CrowesRemedy
11.5%
Screaming TreesNearly Lost You
10.3%
Tom Petty & The HeartbreakersMary Jane's Last Dance
10.3%
GodsmackWhatever
9.2%
RancidRuby Soho
9.2%
Seven Mary ThreeCumbersome
8%
Powerman 5000When Worlds Collide
8%
AnthraxBring The Noise
6.9%
Foo FightersThis Is A Call
6.9%
Nine Inch NailsMarch Of The Pigs
6.9%
DeftonesMy Own Summer (Shove It)
6.9%
SepulturaRefuse
6.9%
Static-XPush It
4.6%
Steve VaiFor The Love of God
3.4%
NOFXBob
3.4%
KyussGreen Machine
3.4%
Guided By VoicesWatch Me Jumpstart
3.4%
MinistryJesus Built My Hotrod
2.3%
My Bloody ValentineOnly Shallow
2.3%
DanzigHow the Gods Kill
2.3%
Type O NegativeBlack No. 1
2.3%
Monster MagnetPowertrip
2.3%
PavementSummer Babe
2.3%
SleepDragonaut
1.1%
Babes in ToylandBruise Violet
1.1%
HelmetIn The Meantime
1.1%
SuperchunkHyper Enough
1.1%
SlowdiveAlison
1.1%
Man or Astro-man?Interstellar Hardrive
0%
NeurosisLocust Star
0%
The GoMeet Me At The Movies
0%
PhishSown With Disease
0%
Butthole SurfersPeppers
0%
Fu ManchuEvil Eye
0%
The Jesus LizardNub
0%
UnsaneComitted
0%
Spacemen 3Take Me To The Other Side
0%

You're not logged in!

Compare scores with friends on all Sporcle quizzes.
OR
Log In

You Might Also Like...

Show Comments

Extras

Created Mar 12, 2010SourceReportNominate

Top Quizzes Today


Score Distribution

Your Account Isn't Verified!

In order to create a playlist on Sporcle, you need to verify the email address you used during registration. Go to your Sporcle Settings to finish the process.

Report this User

Report this user for behavior that violates our Community Guidelines.

Details: